000 00352cam a2200145ua 4500
041 _ahin
_h
082 _a891.54
_bKSH/KA
100 _aKshma, Chandra Suman .
245 _aKara /
_cKshm Chandra Summan.
_hTextual Documents
260 _aDelhi :
_bSaraswathi sadan ,
_c1972.
300 _a75 ; .
504 _a
942 _cBK
999 _c12067
_d12067